| 000 | 00702nam a2200241Ia 4500 | ||
|---|---|---|---|
| 003 | 0100 | ||
| 008 | 130303s9999 xx 000 0 und d | ||
| 020 | _a719039436 | ||
| 040 | _cARRUPELIB | ||
| 050 | _aHB161.S66914 1995 | ||
| 245 | _aAdam Smith's wealth of nations | ||
| 245 | _bnew interdisciplinary essays | ||
| 260 | _aManchester | ||
| 260 | _bManchester University Press | ||
| 260 | _C1995 | ||
| 300 | _axiii | ||
| 300 | _b 205 p. 23 cm | ||
| 440 | _aTexts in culture | ||
| 650 | _bConscience -- Religious aspects -- Catholic church | ||
| 650 | _cConscience -- Religious aspects -- History of doctrines | ||
| 700 | _aCopley, Stephen and Sutherland, Kathryn (eds.) | ||
| 942 | 0 | 0 | _04 |
| 999 |
_c11871 _d11871 |
||